Innovative Trends in Construction and Real Estate Sector. ITCRES 2013 : Book of abstracts. International Scientific Conference on Real Estate, Management, Technology Innovations and Education, Bratislava, Slovakia, 9th - 10th May, 2013

Gespeichert in:
Bibliographische Detailangaben
Weitere Verfasser: Golej, Július, 1982- (Zusammenstellung), Špirková, Daniela, 1961- (Zusammenstellung), Ivanička, Koloman, 1954- (Zusammenstellung)
Format: Buch
Sprache:Englisch
Veröffentlicht: Bratislava : STU v Bratislave, 2013
Ausgabe:1. vyd.
Tags: Tag hinzufügen
Keine Tags, Fügen Sie das erste Tag hinzu!

MARC

LEADER 00000nam a22000003a 4500
001 stu266704
005 20221207100142.9
008 130515s2013------------------------eng-d
020 |a 978-80-227-3931-3 
040 |a STU  |b slo 
041 0 |a eng 
100 1 |a Golej, Július,  |d 1982-  |4 com  |u R2020  |9 34  |U Ostatné univerzitné pracoviská  |T Ústav manažmentu STU  |X 22619  |U R2020  |Y 232  |7 A000022619 
245 1 |a Innovative Trends in Construction and Real Estate Sector. ITCRES 2013 :  |b Book of abstracts. International Scientific Conference on Real Estate, Management, Technology Innovations and Education, Bratislava, Slovakia, 9th - 10th May, 2013 
250 |a 1. vyd. 
260 |a Bratislava :  |b STU v Bratislave,  |c 2013 
300 |a 89 p 
500 |a recenzované 
700 1 |a Špirková, Daniela,  |d 1961-  |4 com  |u R2020  |9 33  |U Ostatné univerzitné pracoviská  |T Ústav manažmentu STU  |X 648  |U R2020  |Y 232  |7 A000000648 
700 1 |a Ivanička, Koloman,  |d 1954-  |4 com  |u R2020  |9 33  |U Ostatné univerzitné pracoviská  |T Ústav manažmentu STU  |X 873  |U R2020  |Y 232  |7 873 
996 |b 284M085235  |c M*Z-4099  |l MMKN  |s A  |a 24  |w stu266704_0001